Statistiken für Sachsen - Quiz

Klicken Sie hier um das Quiz zu spielen!

Allgemein

  • Dieses Quiz wurde 5.356 mal gespielt
    (5.285 seit der letzten Aktualisierung)
  • Das Durchschnittsergebnis liegt bei 10 aus 20

Antwortstatistiken

HinweisAntwort% Korrekt
LandeshauptstadtDresden
100%
Größte StadtLeipzig
94%
Name von Chemnitz zu DDR-ZeitenKarl-Marx-Stadt
76%
Gebirge, welches für Bergbau und seine Schnitzkunst berühmt istErzgebirge
73%
Gotteshaus, das im im 2. Weltkrieg zerstört und in den 1990ern wieder aufgebaut wurdeFrauenkirche
70%
Stadt, die für ihr hochwertiges Porzellan bekannt istMeißen
68%
Berühmtes OpernhausSemperoper
57%
Einer der meistgelesenen deutschen Schriftsteller, v.a. bekannt für seine Wild-West-RomaneKarl May
51%
Wahrzeichen dieser Stadt, welches an die Napoleonischen Kriege erinnertVölkerschlachtdenkmal
50%
Fluss, der die Grenze zu Polen bildetNeiße
48%
Sprache, die neben Deutsch vor allem in dieser Region gesprochen wirdObersorbisch
46%
Beiname der Hauptstadt, bedingt durch ihre Lage am Fluss, die Architektur und die zahlreichen KunstsammlungenElbflorenz
45%
A Cappella-Popgruppe aus der größten Stadt, bei der "Küssen verboten" istDie Prinzen
44%
Ehemaliger Kapitän der deutschen Fußballnationalmannschaft, aus GörlitzMichael Ballack
39%
Region, zu der die Städte Görlitz, Bautzen und Weißwasser gehörenOberlausitz
37%
Höchster Berg und WintersportzentrumFichtelberg
36%
Berühmte Felsformation in der sächsischen SchweizBastei
27%
Barockschloss nördlich der LandeshauptstadtMoritzburg
22%
Nordsächsische Stadt an der Elbe, bei der sich sowjetische und US-amerikanische Truppen am Ende des 2. Weltkriegs trafenTorgau
19%
Künstler, dessen Werke zu den teuersten eines lebenden Künstlers zählenGerhard Richter
10%

Verteilung der Resultate

Perzentil nach korrekt beantworteten Fragen

Anzahl Personen mit jedem Resultat

Ihre Resultats-Entwicklung

Sie haben dieses Quiz seit der letzten Aktualisierung nicht gespielt